00980nam a2200253 a 450000100100000000500170001000800410002704000250006804100390009308200130013210000280014524000480017324501120022126000320033330000280036549000230039353400680041670000340048470000360051883000290055404900090058395201170059299900170070900002556320200930023859.0110203s1961 sp a r 000 0 spa d aDO-SdBNPbspacBNPHU17aspahger2Código de idiomas MARC ann*bnn*1 aQuinzio, Sergio.95076710aIllampu. Abenteuer in den Anden.lEspañol10aAventura en los Andes /cHanns Radau ; traducción de Juan Godo Costa ; ilustraciones de Heiner Rothfuchs. aBarcelona :bNoguer,c1961. a170 p. :bil. ;c22 cm.1 aCuatro Vientos.v4 aTítulo original de la obra :tIllampu. Abenteuer in den Anden1 aGodo Costa, Juan,etr.9513961 aRothfuchs, Heiner,eill.952236 0aCuatro Vientosv4952237 aBNGR 001054708MOaGRbGRcCTd2011-02-17iLF1l0onn* nn*p25563-10r2020-06-25w2020-06-25y4ZPréstamo en sala c25055d25055